[Event "2BLS 2324 SK Schmiden/Cannstatt - SC Epp"]
[Site "?"]
[Date "2024.02.24"]
[Round "7.1"]
[White "Noe, Christopher"]
[Black "Kabisch, Thilo"]
[Result "1/2-1/2"]
[WhiteElo "2526"]
[BlackElo "2226"]
[PlyCount "83"]
[EventDate "2024.??.??"]

1. d4 c5 2. d5 e6 3. c4 exd5 4. cxd5 d6 5. Nc3 a6 6. a4 Ne7 7. Nf3 Ng6 8. e4 Bg4 9. Be2 Be7 10. O-O O-O 11. Be3 Nd7 12. Qd2 Re8 13. Rfe1 Rb8 14. Rab1 Bf6 15. h3 Bxf3 16. Bxf3 b5 17. axb5 axb5 18. b4 Be5 19. Bg4 Nf6 20. bxc5 b4 21. Na4 Qa5 22. Qd1 Nxe4 23. c6 Ne7 24. Bb6 Rxb6 25. Rxe4 Rb5 26. Bd7 Ra8 27. c7 Rxd5 28. Qc2 g6 29. Rexb4 Kg7 30. g3 Rd4 31. Rxd4 Bxd4 32. Qe4 Qd2 33. Qf4 Qd3 34. Re1 Nd5 35. Qxd6 Nxc7 36. Kg2 Qd2 37. Rf1 Ne6 38. Bxe6 Rxa4 39. Bxf7 Ra1 40. Bc4 Rxf1 41. Qe7+ Kh6 42. Qh4+ 1/2-1/2

[Event "2BLS 2324 SK Schmiden/Cannstatt - SC Epp"]
[Site "?"]
[Date "2024.02.24"]
[Round "7.2"]
[White "Trachtmann, Mark"]
[Black "Ruck, Robert"]
[Result "0-1"]
[WhiteElo "2230"]
[BlackElo "2528"]
[PlyCount "72"]
[EventDate "2024.??.??"]

1. d4 Nf6 2. c4 g6 3. Nc3 d5 4. Bg5 Ne4 5. Bh4 Nxc3 6. bxc3 dxc4 7. e3 Be6 8. Qb1 b6 9. Nf3 Bh6 10. Ne5 O-O 11. Be2 c6 12. Nxc4 Nd7 13. O-O b5 14. Nd2 Nb6 15. Qb4 Nd5 16. Qc5 Qd6 17. Qxd6 exd6 18. Ne4 f5 19. Nxd6 Nxc3 20. Bf3 Bd5 21. Rfc1 b4 22. Rc2 a5 23. Nb7 Bxf3 24. gxf3 g5 25. Bg3 f4 26. exf4 gxf4 27. Bh4 Bg7 28. Nc5 Bxd4 29. Ne6 Ne2+ 30. Rxe2 Bxa1 31. Nxf8 Rxf8 32. Re4 c5 33. Bg5 a4 34. Be7 Rc8 35. Rc4 b3 36. axb3 axb3 0-1

[Event "2BLS 2324 SK Schmiden/Cannstatt - SC Epp"]
[Site "?"]
[Date "2024.02.24"]
[Round "7.3"]
[White "Medvegy, Zoltan"]
[Black "Krockenberger, Martin"]
[Result "1-0"]
[WhiteElo "2509"]
[BlackElo "2120"]
[PlyCount "91"]
[EventDate "2024.??.??"]

1. d4 Nf6 2. c4 g6 3. Nc3 Bg7 4. e4 d6 5. Be2 O-O 6. Nf3 e5 7. Be3 c6 8. d5 Na6 9. Nd2 Ne8 10. dxc6 bxc6 11. O-O f5 12. f3 Kh8 13. Rb1 Nac7 14. b4 Nf6 15. Nb3 d5 16. Bc5 Re8 17. cxd5 cxd5 18. exd5 Nfxd5 19. Nxd5 Nxd5 20. Qd2 Nf4 21. Bb5 Qxd2 22. Nxd2 Rd8 23. Bc6 Rb8 24. Bxa7 Bb7 25. b5 Ra8 26. Be3 Bxc6 27. bxc6 Nd5 28. Nc4 Rdc8 29. Nb6 Nxb6 30. Rxb6 f4 31. Bc5 e4 32. fxe4 Rxa2 33. Rc1 Be5 34. Kf1 g5 35. h3 h5 36. Bg1 Bc7 37. Rb5 Ra5 38. Rxa5 Bxa5 39. Bd4+ Kh7 40. Be5 Kg6 41. c7 Kf7 42. Rc5 Bb6 43. Rc6 Be3 44. Ke2 Ke7 45. Rg6 Bc1 46. Kf3 1-0

[Event "2BLS 2324 SK Schmiden/Cannstatt - SC Epp"]
[Site "?"]
[Date "2024.02.24"]
[Round "7.5"]
[White "Gibicar, Danijel"]
[Black "Eisele, Steffen"]
[Result "0-1"]
[WhiteElo "2280"]
[BlackElo "2209"]
[PlyCount "98"]
[EventDate "2024.??.??"]

1. e4 e6 2. d4 d5 3. Nc3 Bb4 4. e5 c5 5. a3 Ba5 6. b4 cxd4 7. Nb5 Bc7 8. f4 Bd7 9. Nf3 Bxb5 10. Bxb5+ Nc6 11. O-O Nge7 12. Bd3 Bb6 13. Kh1 Rc8 14. Qe2 g6 15. Bd2 Nf5 16. Be1 Qd7 17. Rg1 a6 18. Bf2 Nce7 19. g4 Ne3 20. Bh4 Qa4 21. Bf6 Rg8 22. Qf2 Nxc2 23. Rac1 Ne3 24. Rxc8+ Nxc8 25. Qh4 Qxa3 26. Qxh7 Rf8 27. Bxg6 Ne7 28. Bd3 N7f5 29. Ne1 Nd1 30. Bxf5 exf5 31. e6 Qe3 32. exf7+ Rxf7 33. Qg8+ Rf8 34. Qg6+ Kd7 35. Qxf5+ Kc6 36. Qc2+ Nc3 37. Qg6 Qe4+ 38. Qxe4 dxe4 39. g5 Nd5 40. h4 d3 41. Rg2 Nxf6 42. gxf6 Rxf6 43. Kh2 Rxf4 44. Kg3 Rf1 45. Nxd3 Rf3+ 46. Kg4 Rxd3 47. h5 e3 48. Kf3 Rd2 49. Rg6+ Kb5 0-1

[Event "2BLS 2324 SK Schmiden/Cannstatt - SC Epp"]
[Site "?"]
[Date "2024.02.24"]
[Round "7.6"]
[White "Loehr, Markus"]
[Black "Mann, Christian"]
[Result "0-1"]
[WhiteElo "2197"]
[BlackElo "2385"]
[PlyCount "120"]
[EventDate "2024.??.??"]

1. d4 d5 2. Nf3 Nc6 3. c4 Bg4 4. Nc3 e6 5. cxd5 exd5 6. Bf4 Bxf3 7. gxf3 Nf6 8. e3 Nh5 9. Bg3 Bb4 10. Qb3 a5 11. O-O-O Nxg3 12. hxg3 Ne7 13. Bd3 h6 14. g4 c6 15. Rh5 g6 16. Rh3 Kf8 17. Rdh1 Kg7 18. Ne2 Bd6 19. Qd1 a4 20. f4 a3 21. b3 c5 22. dxc5 Qc8 23. f5 Qxc5+ 24. Kb1 Be5 25. f4 Bf6 26. fxg6 fxg6 27. Qg1 Bb2 28. Qh2 Ng8 29. g5 h5 30. f5 gxf5 31. Nf4 Qc6 32. Rxh5 Rc8 33. Ne2 Rxh5 34. Qxh5 Qg6 35. Qh3 Ne7 36. Nf4 Qc6 37. Qh7+ Kf8 38. Ne2 Qe6 39. Qh3 Qe5 40. Qh6+ Ke8 41. Qb6 Rc6 42. Qa7 Ba1 43. Nd4 Qxe3 44. Qa8+ Rc8 45. Qa4+ Kf7 46. g6+ Kf6 47. Nc2 Qxd3 48. Qh4+ Ke6 49. Re1+ Be5 50. Rxe5+ Kxe5 51. Qxe7+ Kf4 52. Qh4+ Kf3 53. Qh3+ Ke4 54. Qh4+ f4 55. Qh1+ Ke5 56. Qe1+ Qe4 57. Qd1 Kf6 58. g7 f3 59. Qd2 Kf7 60. g8=Q+ Rxg8 0-1

[Event "2BLS 2324 SK Schmiden/Cannstatt - SC Epp"]
[Site "?"]
[Date "2024.02.24"]
[Round "7.7"]
[White "Cofmann, Veaceslav"]
[Black "Thoma, Christian"]
[Result "1/2-1/2"]
[WhiteElo "2244"]
[BlackElo "2212"]
[PlyCount "56"]
[EventDate "2024.??.??"]

1. d4 Nf6 2. c4 e6 3. g3 d5 4. Bg2 Bb4+ 5. Bd2 Be7 6. Nf3 c6 7. Bf4 Nbd7 8. Nbd2 O-O 9. Qc2 Nh5 10. O-O-O b6 11. e4 Bb7 12. Be3 f5 13. exf5 exf5 14. Nb1 f4 15. Bd2 Bd6 16. g4 Nhf6 17. Ng5 Re8 18. Rde1 Nf8 19. Rxe8 Qxe8 20. Re1 Qd7 21. f3 h6 22. Nh3 Ne6 23. Qf5 Nxd4 24. Qxd7 Nxd7 25. Bxf4 Bb4 26. Bd2 Bd6 27. Bf4 Bb4 28. Bd2 Bd6 1/2-1/2

[Event "2BLS 2324 SF Bad Mergentheim - TSV Schot"]
[Site "?"]
[Date "2024.02.25"]
[Round "8.1"]
[White "Lobron, Eric"]
[Black "Kazakouski, Valery"]
[Result "0-1"]
[WhiteElo "2476"]
[BlackElo "2596"]
[PlyCount "86"]
[EventDate "2024.??.??"]

1. c4 Nf6 2. Nf3 g6 3. b3 Bg7 4. Bb2 c5 5. g3 b6 6. Bg2 Bb7 7. O-O O-O 8. e3 d6 9. d4 cxd4 10. exd4 Nbd7 11. Re1 e6 12. Nc3 Qb8 13. a4 d5 14. Ne5 Rd8 15. Qe2 Nf8 16. a5 bxa5 17. Rxa5 a6 18. c5 Ne8 19. Na4 Nc7 20. Nb6 Ra7 21. Qf3 Bxe5 22. Rxe5 Nd7 23. Nxd7 Rxd7 24. Bc1 Bc6 25. Bd2 Rb7 26. Ra3 Rb4 27. Qc3 a5 28. Bf1 Nb5 29. Bxb5 Rxb5 30. Re1 Rdb7 31. Bf4 Qd8 32. h4 h5 33. Bg5 Qb8 34. Bf6 Rxb3 35. Rxb3 Rxb3 36. Qd2 Rf3 37. Be5 Qb4 38. Qd1 Rc3 39. Qa1 a4 40. Bf6 a3 41. Kg2 Rc2 42. Re3 a2 43. Qf1 Qb2 0-1

[Event "2BLS 2324 SF Bad Mergentheim - TSV Schot"]
[Site "?"]
[Date "2024.02.25"]
[Round "8.2"]
[White "Rakotomaharo, Fy Antenaina"]
[Black "Frischmann, Rick"]
[Result "1/2-1/2"]
[WhiteElo "2457"]
[BlackElo "2372"]
[PlyCount "69"]
[EventDate "2024.??.??"]

1. e4 e5 2. Nf3 Nf6 3. Nxe5 Nxe4 4. Qe2 Qe7 5. Qxe4 d6 6. d4 dxe5 7. dxe5 Nc6 8. Nc3 Qxe5 9. Bf4 Qxe4+ 10. Nxe4 Bf5 11. Bd3 O-O-O 12. O-O-O Bg6 13. f3 Be7 14. a3 Rhe8 15. h4 h5 16. Bg3 Nd4 17. Bf2 a6 18. Bxa6 bxa6 19. Bxd4 Bxe4 20. fxe4 Bd6 21. Bxg7 Rxe4 22. Bf6 Rg8 23. Rd5 Rg6 24. Rf5 Rf4 25. Rf1 Rxf1+ 26. Rxf1 Kd7 27. Bc3 Ke6 28. Kd1 f5 29. Rf2 f4 30. Re2+ Kf5 31. Be1 Bc5 32. Bf2 Bd6 33. Be1 Bc5 34. Bf2 Bd6 35. Be1 1/2-1/2

[Event "2BLS 2324 SF Bad Mergentheim - TSV Schot"]
[Site "?"]
[Date "2024.02.25"]
[Round "8.4"]
[White "Razafindratsima, Timothe"]
[Black "Barzen, Pascal"]
[Result "0-1"]
[WhiteElo "2432"]
[BlackElo "2265"]
[PlyCount "136"]
[EventDate "2024.??.??"]

1. e4 c5 2. Nf3 e6 3. d4 cxd4 4. Nxd4 a6 5. c4 Nf6 6. Nc3 Qc7 7. Be2 Bb4 8. Qd3 O-O 9. Nc2 Bxc3+ 10. bxc3 d6 11. f3 Nbd7 12. O-O Rd8 13. Ne3 b6 14. Rd1 Nc5 15. Qd4 Bb7 16. Rb1 Bc6 17. Nf1 Ba4 18. Rd2 Rab8 19. Ng3 h6 20. Qe3 Ncd7 21. Ba3 Nc5 22. f4 e5 23. Rf1 exf4 24. Rxf4 Qe7 25. Bf3 Bd7 26. Qd4 Qe5 27. Qxd6 Qxc3 28. Bxc5 bxc5 29. Nf1 Be6 30. Qxd8+ Rxd8 31. Rxd8+ Kh7 32. Be2 Bxc4 33. Bxc4 Qxc4 34. h4 Qxa2 35. e5 Nh5 36. Rf5 Qe6 37. g4 g6 38. Rd6 Qc4 39. Rf2 Qxg4+ 40. Rg2 Qxh4 41. e6 fxe6 42. Rd7+ Ng7 43. Rf2 Qg5+ 44. Kh1 h5 45. Rff7 Qe5 46. Nd2 Kh6 47. Nf3 Qa1+ 48. Kg2 g5 49. Nxg5 Kxg5 50. Rxg7+ Kf6 51. Rgf7+ Kg6 52. Rf3 Qb2+ 53. Kh3 c4 54. Rd1 Qe5 55. Rdf1 a5 56. Rc1 Qd4 57. Rcf1 a4 58. Rf4 Qd7 59. Rg1+ Kh7 60. Kh4 e5 61. Rff1 c3 62. Rg5 Qd8 63. Kxh5 c2 64. Rgf5 Qc8 65. Rf7+ Kg8 66. Kg6 Qe8 67. R1f5 c1=Q 68. Rg5 Qxg5+ 0-1

[Event "2BLS 2324 SF Bad Mergentheim - TSV Schot"]
[Site "?"]
[Date "2024.02.25"]
[Round "8.5"]
[White "Schenderowitsch, Michael"]
[Black "Neuman, Petr"]
[Result "1/2-1/2"]
[WhiteElo "2258"]
[BlackElo "2390"]
[PlyCount "27"]
[EventDate "2024.??.??"]

1. d4 Nf6 2. c4 g6 3. Nf3 Bg7 4. g3 O-O 5. Bg2 c6 6. O-O d5 7. Qb3 Qb6 8. Nc3 Rd8 9. Na4 Qxb3 10. axb3 Na6 11. Bf4 Bf5 12. Rfc1 Be4 13. Be5 e6 14. Ne1 1/2-1/2

[Event "2BLS 2324 SF Bad Mergentheim - TSV Schot"]
[Site "?"]
[Date "2024.02.25"]
[Round "8.6"]
[White "Vlasak, Lukas"]
[Black "Steinacker, Alex"]
[Result "1-0"]
[WhiteElo "2455"]
[BlackElo "2312"]
[PlyCount "143"]
[EventDate "2024.??.??"]

1. e4 g6 2. d4 Bg7 3. Nf3 d6 4. Be2 Nf6 5. Nc3 c6 6. a4 O-O 7. O-O Bg4 8. Be3 Nbd7 9. h3 Bxf3 10. Bxf3 e5 11. dxe5 dxe5 12. a5 Qe7 13. Qe2 Ne8 14. Qc4 Nc7 15. Bg4 Rfd8 16. Qb3 Rdb8 17. Rfd1 Nf8 18. Na4 h5 19. Bc5 Qg5 20. Bxf8 Rxf8 21. Be2 Ne6 22. Bf1 Qe7 23. c3 Kh8 24. Qa3 Qxa3 25. Rxa3 Rfd8 26. Raa1 Bf8 27. b4 Kg7 28. Nb2 f6 29. Bc4 Nc7 30. Kf1 Be7 31. Nd3 a6 32. Ke2 Nb5 33. Bxb5 axb5 34. f3 Kf7 35. Ra2 Ke8 36. g3 Kf7 37. Rc2 Rd6 38. Rcd2 Rad8 39. Ke3 g5 40. Ke2 Bf8 41. Ra2 Kg6 42. a6 bxa6 43. Rxa6 g4 44. fxg4 hxg4 45. h4 Bh6 46. Ra7 Kh5 47. Ra2 f5 48. exf5 e4 49. Nf2 Rxd1 50. Nxd1 Rd3 51. Ra6 Rxg3 52. Rxc6 Rf3 53. c4 bxc4 54. Rxc4 g3 55. Rc8 Kg4 56. Rh8 Bc1 57. b5 Rxf5 58. b6 Rb5 59. Nc3 Rb2+ 60. Kd1 Be3 61. Rg8+ Kh3 62. Ne2 Bf2 63. Rg6 e3 64. h5 Kh2 65. h6 Rd2+ 66. Kc1 Rd8 67. h7 Rh8 68. Rg7 g2 69. b7 g1=Q+ 70. Nxg1 Bxg1 71. Rg8 e2 72. Kd2 1-0

[Event "2BLS 2324 SF Bad Mergentheim - TSV Schot"]
[Site "?"]
[Date "2024.02.25"]
[Round "8.7"]
[White "Krivonosov, Oleg"]
[Black "Nemec, Jachym"]
[Result "1/2-1/2"]
[WhiteElo "2344"]
[BlackElo "2396"]
[PlyCount "127"]
[EventDate "2024.??.??"]

1. Nf3 d5 2. d4 Nf6 3. c4 e6 4. g3 Bb4+ 5. Bd2 Be7 6. Bg2 c6 7. Qc2 O-O 8. O-O a5 9. Bf4 Nbd7 10. Rd1 a4 11. Ne5 Qa5 12. Nc3 a3 13. b3 Nxe5 14. Bxe5 dxc4 15. Bxf6 cxb3 16. Qxb3 Bxf6 17. e3 Be7 18. Rab1 Rd8 19. Rdc1 Ra7 20. Qc2 Bd7 21. f4 c5 22. d5 Bf6 23. Bh3 exd5 24. Bxd7 Rxd7 25. Qf5 Qd8 26. Nb5 Ra8 27. Rxc5 Qe7 28. Rbc1 Qxe3+ 29. Kg2 Rad8 30. Kh3 Qe7 31. R1c2 g6 32. Qd3 h5 33. Kg2 Kg7 34. Nxa3 Re8 35. Nb5 Qe1 36. Rc7 Ree7 37. Rxd7 Rxd7 38. Nc3 Qe6 39. Rd2 d4 40. Ne4 Be7 41. Nf2 Qc6+ 42. Qf3 Qc1 43. Qd1 Qc4 44. Nd3 Bf6 45. Rc2 Qb5 46. Nf2 Re7 47. Qd3 Qd5+ 48. Qf3 Qe6 49. Rb2 b6 50. h3 h4 51. g4 Rc7 52. Re2 Qd7 53. g5 Be7 54. Qe4 Kg8 55. Rd2 Rc4 56. Ng4 Qc7 57. Ne5 Rc3 58. Nxg6 fxg6 59. Qxg6+ Kh8 60. Qh6+ Kg8 61. Qg6+ Kf8 62. Qh6+ Ke8 63. Qg6+ Kf8 64. Qh6+ 1/2-1/2

[Event "2BLS 2324 SF Bad Mergentheim - TSV Schot"]
[Site "?"]
[Date "2024.02.25"]
[Round "8.8"]
[White "Gasthofer, Viktor"]
[Black "Goebel, Constantin"]
[Result "1/2-1/2"]
[WhiteElo "2300"]
[BlackElo "2257"]
[PlyCount "21"]
[EventDate "2024.??.??"]

1. Nf3 Nf6 2. g3 e6 3. Bg2 Be7 4. O-O O-O 5. c4 d5 6. d4 dxc4 7. Qc2 a6 8. a4 Nbd7 9. Nbd2 Nb6 10. Rd1 Bd7 11. a5 1/2-1/2

[Event "2BLS 2324 Heilbronner SV - SV 1920 Hofhe"]
[Site "?"]
[Date "2024.02.25"]
[Round "8.1"]
[White "Bernadskiy, Vitaliy"]
[Black "Baenziger, Fabian"]
[Result "1-0"]
[WhiteElo "2572"]
[BlackElo "2408"]
[PlyCount "73"]
[EventDate "2024.??.??"]

1. c4 e5 2. d3 Nf6 3. Nf3 Nc6 4. a3 a5 5. e3 Be7 6. Be2 O-O 7. O-O d5 8. cxd5 Nxd5 9. Qc2 Be6 10. b3 f5 11. Bb2 Bf6 12. Nbd2 Qe7 13. Rfe1 Kh8 14. Bf1 Rad8 15. e4 Nf4 16. Rac1 Qd7 17. Re3 Ng6 18. exf5 Bxf5 19. Ne4 Nce7 20. Ree1 Nd5 21. Nc5 Qc6 22. Ne4 Qd7 23. d4 exd4 24. Nxf6 Nxf6 25. Qxc7 d3 26. Qxd7 Rxd7 27. Rc5 Be4 28. Nd2 Bd5 29. Rxa5 Nf4 30. f3 Rc7 31. Be5 Re7 32. Re3 Ng6 33. Bd4 Rxe3 34. Bxe3 Ne5 35. g4 Nc6 36. Rc5 b6 37. Rc3 1-0

[Event "2BLS 2324 Heilbronner SV - SV 1920 Hofhe"]
[Site "?"]
[Date "2024.02.25"]
[Round "8.2"]
[White "Stijve, Theo"]
[Black "Bosiocic, Marin"]
[Result "0-1"]
[WhiteElo "2348"]
[BlackElo "2549"]
[PlyCount "64"]
[EventDate "2024.??.??"]

1. e4 c6 2. d4 d5 3. e5 Bf5 4. h4 h5 5. Bd3 Bxd3 6. Qxd3 e6 7. Bg5 Qb6 8. Nd2 c5 9. c4 Qxb2 10. Rb1 Qxd4 11. Qb3 Qxe5+ 12. Ne2 b6 13. Bf4 Qf5 14. Bxb8 Rxb8 15. Qa4+ Kd8 16. Qxa7 Bd6 17. Rxb6 Rxb6 18. Qxb6+ Bc7 19. Qxc5 Nf6 20. Qa3 Qe5 21. Nf3 Qd6 22. c5 Qd7 23. Qa8+ Qc8 24. Qa4 Ke7 25. Ned4 Re8 26. Nb5 Kf8 27. O-O e5 28. Rb1 e4 29. Ng5 Ng4 30. Qd4 Bh2+ 31. Kf1 Qf5 32. Nc3 Be5 0-1

[Event "2BLS 2324 Heilbronner SV - SV 1920 Hofhe"]
[Site "?"]
[Date "2024.02.25"]
[Round "8.3"]
[White "Saric, Ante"]
[Black "Fecker, Noah"]
[Result "1/2-1/2"]
[WhiteElo "2511"]
[BlackElo "2389"]
[PlyCount "115"]
[EventDate "2024.??.??"]

1. Nf3 d5 2. d4 Nf6 3. c4 e6 4. Nc3 a6 5. c5 b6 6. cxb6 c5 7. Bf4 Bd6 8. Bxd6 Qxd6 9. dxc5 Qxc5 10. Qd4 Qd6 11. e4 Nc6 12. Qe3 Nb4 13. O-O-O Ng4 14. Qd4 e5 15. Nxe5 Nxe5 16. exd5 Bf5 17. Re1 f6 18. b7 Rd8 19. f4 O-O 20. fxe5 fxe5 21. Qd2 Qc7 22. b3 Nxa2+ 23. Kb2 Nb4 24. Bc4 Qxb7 25. Rxe5 Rb8 26. Rf1 Bg6 27. Rxf8+ Kxf8 28. Qf4+ Kg8 29. Re7 Nd3+ 30. Bxd3 Qxe7 31. d6 Qf6 32. Qxf6 gxf6 33. Bxa6 Rd8 34. Bc4+ Kf8 35. Nb5 Be8 36. Nd4 Rxd6 37. Kc3 Bf7 38. b4 Rd8 39. b5 Rc8 40. Nc6 Be8 41. Bd5 Bxc6 42. Bxc6 Ke7 43. Kd4 Kd6 44. Ke4 Ke6 45. Bd5+ Kd6 46. Bc6 Ke6 47. Kf4 Rd8 48. b6 Rd4+ 49. Ke3 Rb4 50. b7 h6 51. Kd3 Kd6 52. Kc3 Kc5 53. Bf3 Rb6 54. Kd3 Rb4 55. Kc3 Rb6 56. Kd3 Rb4 57. Ke3 Kd6 58. Kd3 1/2-1/2

[Event "2BLS 2324 Heilbronner SV - SV 1920 Hofhe"]
[Site "?"]
[Date "2024.02.25"]
[Round "8.4"]
[White "Zuferi, Enis"]
[Black "Sumets, Andrey"]
[Result "0-1"]
[WhiteElo "2412"]
[BlackElo "2520"]
[PlyCount "98"]
[EventDate "2024.??.??"]

1. d4 d5 2. c4 c6 3. Nf3 Nf6 4. g3 e6 5. Bg2 Be7 6. O-O O-O 7. Qc2 b6 8. Rd1 Nbd7 9. Nbd2 Bb7 10. b3 Rc8 11. e4 c5 12. exd5 exd5 13. Bb2 Rc7 14. dxc5 Bxc5 15. Qf5 Re8 16. Re1 h6 17. Rxe8+ Qxe8 18. Re1 Qc8 19. Nd4 Bb4 20. Qf4 dxc4 21. Nb5 Bxg2 22. Nxc7 Bh3 23. Re2 c3 24. Qxb4 cxd2 25. Rxd2 Qxc7 26. Qc3 Qb7 27. f3 h5 28. Qe3 Qa6 29. Qe2 Qa5 30. Kf2 Be6 31. Rc2 Qd5 32. Rc4 Nc5 33. Rd4 Qf5 34. Kg2 Nd5 35. Kg1 Qb1+ 36. Rd1 Qxa2 37. Ra1 Qxb3 38. Rxa7 Qd3 39. Ra8+ Kh7 40. Qxd3+ Nxd3 41. Bd4 b5 42. Rb8 b4 43. Kf1 Ne7 44. Rb6 Bc4 45. Ke2 Nd5 46. Rd6 b3 47. Kd2 b2 48. Kc2 N5b4+ 49. Kb1 Ba2# 0-1

[Event "2BLS 2324 Heilbronner SV - SV 1920 Hofhe"]
[Site "?"]
[Date "2024.02.25"]
[Round "8.5"]
[White "Ginsburg, Gennadi"]
[Black "Wenninger, Philipp"]
[Result "1-0"]
[WhiteElo "2420"]
[BlackElo "2355"]
[PlyCount "107"]
[EventDate "2024.??.??"]

1. e4 c6 2. d4 d5 3. Nd2 dxe4 4. Nxe4 Bf5 5. Ng3 Bg6 6. h4 h6 7. Nf3 Nd7 8. h5 Bh7 9. Bd3 Bxd3 10. Qxd3 e6 11. Bd2 Ngf6 12. O-O-O Be7 13. Kb1 O-O 14. Ne4 Nxe4 15. Qxe4 Nf6 16. Qe2 Qd5 17. Ne5 Qe4 18. Qxe4 Nxe4 19. Be1 Rad8 20. f3 Nf6 21. g4 Bd6 22. Bf2 Nd7 23. f4 f6 24. Ng6 Rfe8 25. Be3 Nf8 26. Nh4 Be7 27. c3 b5 28. Kc2 Rd5 29. Rhe1 Red8 30. f5 Kf7 31. Bf2 Bd6 32. fxe6+ Nxe6 33. Nf5 Bf8 34. Re2 Re8 35. Rde1 Rdd8 36. b4 a5 37. bxa5 Ra8 38. d5 cxd5 39. Bb6 b4 40. Nd4 Nxd4+ 41. cxd4 Rec8+ 42. Kb3 Rc3+ 43. Ka4 Ra3+ 44. Kb5 b3 45. axb3 Rxb3+ 46. Kc6 Ra3 47. Kb7 R8xa5 48. Bxa5 Rxa5 49. Rc1 Bd6 50. Rc6 Bf4 51. Ra6 Rb5+ 52. Kc6 Rb3 53. Ra7+ Kf8 54. Ree7 1-0

[Event "2BLS 2324 Heilbronner SV - SV 1920 Hofhe"]
[Site "?"]
[Date "2024.02.25"]
[Round "8.6"]
[White "Degenhard, Simon"]
[Black "Gurevich, Vladimir"]
[Result "0-1"]
[WhiteElo "2233"]
[BlackElo "2444"]
[PlyCount "58"]
[EventDate "2024.??.??"]

1. e4 c5 2. Nf3 a6 3. g3 d6 4. Bg2 Nc6 5. O-O Nf6 6. Re1 Bg4 7. c3 g6 8. d3 Bg7 9. Nbd2 O-O 10. h3 Bd7 11. d4 cxd4 12. cxd4 Rc8 13. a3 b5 14. Nb3 h6 15. Bd2 d5 16. exd5 Nxd5 17. Nc5 e6 18. b4 a5 19. Nxd7 Qxd7 20. bxa5 Qa7 21. Rb1 Nxd4 22. Nxd4 Bxd4 23. Qf3 Rc7 24. Re2 Nc3 25. Bxc3 Rxc3 26. Qb7 Qxa5 27. Qxb5 Qxa3 28. Kh2 Qa7 29. Rf1 Rb8 0-1

[Event "2BLS 2324 Heilbronner SV - SV 1920 Hofhe"]
[Site "?"]
[Date "2024.02.25"]
[Round "8.7"]
[White "Womacka, Mathias"]
[Black "Pogan, Nikolas"]
[Result "1-0"]
[WhiteElo "2355"]
[BlackElo "2204"]
[PlyCount "67"]
[EventDate "2024.??.??"]

1. e4 c6 2. d4 d5 3. Nd2 dxe4 4. Nxe4 Nf6 5. Nxf6+ exf6 6. c3 Bd6 7. Bd3 h5 8. Ne2 Qc7 9. Be3 h4 10. h3 Nd7 11. O-O Nf8 12. c4 Ng6 13. Qc2 Nf4 14. Nxf4 Bxf4 15. Rae1 Kf8 16. Bf5 Bh2+ 17. Kh1 Rh5 18. Bxc8 Rxc8 19. Bd2 g6 20. Bc3 Kg7 21. Re4 Bd6 22. Rfe1 Qd7 23. b3 b5 24. d5 cxd5 25. Bxf6+ Kg8 26. Rd4 Qf5 27. Qxf5 Rxf5 28. Bxh4 Bb4 29. Rc1 dxc4 30. bxc4 g5 31. Bg3 Rc6 32. Rb1 Bc3 33. Rd8+ Kh7 34. Rxb5 1-0

[Event "2BLS 2324 Heilbronner SV - SV 1920 Hofhe"]
[Site "?"]
[Date "2024.02.25"]
[Round "8.8"]
[White "Huber, Philipp"]
[Black "Plenca, Jadranko"]
[Result "0-1"]
[WhiteElo "2292"]
[BlackElo "2429"]
[PlyCount "48"]
[EventDate "2024.??.??"]

1. d4 d5 2. Nc3 c5 3. e4 dxe4 4. d5 Nf6 5. Bf4 a6 6. Qd2 b5 7. O-O-O Bb7 8. Qe3 Nbd7 9. f3 exf3 10. gxf3 Nb6 11. d6 Nbd5 12. Nxd5 Nxd5 13. Qe4 e6 14. Nh3 Bxd6 15. Rg1 g6 16. Bd2 c4 17. Qd4 Qf6 18. Qxf6 Nxf6 19. Bc3 Be7 20. Ng5 O-O 21. h4 h6 22. Nxe6 fxe6 23. Bh3 Kf7 24. h5 gxh5 0-1

[Event "2BLS 2324 OSG Baden-Baden II - SK Schmid"]
[Site "?"]
[Date "2024.02.25"]
[Round "8.1"]
[White "Kabisch, Thilo"]
[Black "Gozzoli, Yannick"]
[Result "0-1"]
[WhiteElo "2226"]
[BlackElo "2587"]
[PlyCount "66"]
[EventDate "2024.??.??"]

1. e4 c5 2. Nf3 d6 3. d4 cxd4 4. Nxd4 Nf6 5. Nc3 a6 6. Bc4 e6 7. a4 Nc6 8. Ba2 Be7 9. O-O O-O 10. Kh1 Bd7 11. f4 b5 12. axb5 axb5 13. Ndxb5 Qb8 14. f5 Nb4 15. Na3 Nxa2 16. Rxa2 Bc6 17. Bg5 Qb7 18. Qe2 exf5 19. Rxf5 Rfe8 20. Qc4 Bd7 21. Rxf6 gxf6 22. Bh6 Be6 23. Qd3 Kh8 24. b3 Qb4 25. Bc1 Ra5 26. Qe3 d5 27. exd5 Bxd5 28. Nc4 Bxc4 29. Rxa5 Qxa5 30. bxc4 Qf5 31. Qe2 Bf8 32. Be3 Bc5 33. Nd1 Qe5 0-1

[Event "2BLS 2324 OSG Baden-Baden II - SK Schmid"]
[Site "?"]
[Date "2024.02.25"]
[Round "8.2"]
[White "Dann, Matthias"]
[Black "Trachtmann, Mark"]
[Result "1-0"]
[WhiteElo "2474"]
[BlackElo "2230"]
[PlyCount "53"]
[EventDate "2024.??.??"]

1. e4 e6 2. d4 d5 3. e5 c5 4. c3 Nc6 5. Nf3 Qb6 6. Bd3 Bd7 7. dxc5 Qc7 8. O-O Bxc5 9. b4 Bb6 10. Qe2 Nge7 11. a4 a6 12. Na3 Ng6 13. Re1 Nce7 14. h4 h6 15. h5 Nf8 16. a5 Ba7 17. b5 axb5 18. Nxb5 Bxb5 19. Bxb5+ Nd7 20. Ba3 Rc8 21. c4 Bc5 22. cxd5 Bxa3 23. d6 Qc3 24. dxe7 Kxe7 25. Bxd7 Kxd7 26. Qb5+ Ke7 27. Rxa3 1-0

[Event "2BLS 2324 OSG Baden-Baden II - SK Schmid"]
[Site "?"]
[Date "2024.02.25"]
[Round "8.4"]
[White "Schmider, Niklas"]
[Black "Holzhaeuer, Mathias"]
[Result "1-0"]
[WhiteElo "2416"]
[BlackElo "2226"]
[PlyCount "47"]
[EventDate "2024.??.??"]

1. e4 d5 2. exd5 Nf6 3. d4 Bg4 4. f3 Bf5 5. g4 Bg6 6. c4 e6 7. Nc3 h6 8. dxe6 Nc6 9. Be3 fxe6 10. Bd3 Bxd3 11. Qxd3 Ne5 12. Qc2 Nf7 13. O-O-O Qd7 14. Nge2 a6 15. Nf4 O-O-O 16. Ng6 Rg8 17. h4 Qc6 18. g5 Nd7 19. d5 exd5 20. cxd5 Qd6 21. Nf4 Qe5 22. Rhe1 hxg5 23. Ne6 gxh4 24. Bf4 1-0

[Event "2BLS 2324 OSG Baden-Baden II - SK Schmid"]
[Site "?"]
[Date "2024.02.25"]
[Round "8.5"]
[White "Eisele, Steffen"]
[Black "Hagner, Bennet"]
[Result "0-1"]
[WhiteElo "2209"]
[BlackElo "2320"]
[PlyCount "58"]
[EventDate "2024.??.??"]

1. e4 c5 2. Nf3 e6 3. c3 Nf6 4. Bd3 d5 5. e5 Nfd7 6. Be2 c4 7. d4 cxd3 8. Bxd3 Nc6 9. Bf4 Be7 10. Qe2 Nc5 11. Bc2 d4 12. cxd4 Nxd4 13. Nxd4 Qxd4 14. Bd2 Qxb2 15. Bc3 Qc1+ 16. Bd1 Bd7 17. O-O Qf4 18. Nd2 Bc6 19. Bc2 Na4 20. Ba5 b6 21. g3 Qd4 22. Nf3 Qd5 23. Bd2 Nb2 24. Kg2 Bb5 25. Qe4 Bxf1+ 26. Kxf1 Qxe4 27. Bxe4 Rc8 28. Bb7 Rc7 29. Ba6 O-O 0-1

[Event "2BLS 2324 OSG Baden-Baden II - SK Schmid"]
[Site "?"]
[Date "2024.02.25"]
[Round "8.6"]
[White "Demuth, Adrien"]
[Black "Loehr, Markus"]
[Result "1-0"]
[WhiteElo "2512"]
[BlackElo "2197"]
[PlyCount "53"]
[EventDate "2024.??.??"]

1. Nf3 Nf6 2. c4 g6 3. Nc3 d5 4. cxd5 Nxd5 5. h4 Bg7 6. h5 Nc6 7. d4 Nb6 8. Bf4 Bg4 9. h6 Bf6 10. e3 O-O 11. Be2 a5 12. Rc1 a4 13. O-O Ra5 14. Ne4 Nd5 15. Bg3 a3 16. b3 Ndb4 17. Qd2 Bh8 18. Rc4 Qd5 19. Nc5 Rb5 20. Rcc1 Ra5 21. Rc4 Rb5 22. Rcc1 Ra5 23. Nxb7 Nxd4 24. Nxd4 Bxe2 25. Qxb4 Bxf1 26. Kxf1 Ra7 27. Nc6 1-0

[Event "2BLS 2324 OSG Baden-Baden II - SK Schmid"]
[Site "?"]
[Date "2024.02.25"]
[Round "8.7"]
[White "Thoma, Christian"]
[Black "Trifan, Andrei Ioan"]
[Result "1-0"]
[WhiteElo "2212"]
[BlackElo "2298"]
[PlyCount "61"]
[EventDate "2024.??.??"]

1. d4 Nf6 2. c4 e6 3. Nc3 d5 4. cxd5 Nxd5 5. e4 Nxc3 6. bxc3 c5 7. a3 Be7 8. Nf3 O-O 9. Bd3 cxd4 10. cxd4 Nc6 11. Bb2 Qa5+ 12. Kf1 Rd8 13. h4 h6 14. Qe2 e5 15. d5 Bf6 16. dxc6 bxc6 17. Kg1 Rb8 18. Rd1 Ba6 19. Ne1 c5 20. Bxa6 Rxd1 21. Qxd1 Rxb2 22. Bc4 Rd2 23. Qh5 Rd7 24. Nc2 Qc3 25. Ne3 Qe1+ 26. Kh2 Qxf2 27. Ng4 Qf4+ 28. Kh3 Qxe4 29. Rd1 Qb7 30. Nxf6+ gxf6 31. Qg4+ 1-0